Digital systems design using VHDL (Record no. 136619)

000 -LEADER
fixed length control field 00301nam a2200109Ia 4500
008 - FIXED-LENGTH DATA ELEMENTS--GENERAL INFORMATION
fixed length control field 220120s9999||||xx |||||||||||||| ||und||
100 ## - MAIN ENTRY--PERSONAL NAME
Personal name Roth, Charles, H
245 #0 - TITLE STATEMENT
Title Digital systems design using VHDL
260 ## - PUBLICATION, DISTRIBUTION, ETC.
Place of publication, distribution, etc. Thomson books cole
Name of publisher, distributor, etc. BAangalore
Date of publication, distribution, etc. 2002
300 ## - PHYSICAL DESCRIPTION
Extent 52p;
Other physical details 175
650 ## - SUBJECT ADDED ENTRY--TOPICAL TERM
Topical term or geographic name entry element NOVELS
9 (RLIN) 5821
Holdings
Withdrawn status Lost status Damaged status Not for loan Collection code Home library Current library Date acquired Barcode Date last seen Price effective from Koha item type
        Electronics and Communication Engineering Central Library Central Library 01/20/2022 GF478 01/20/2022 01/20/2022 Gift Books

Powered by Koha